[Event "Regency Masters 3rd"]
[Site "Ramsgate"]
[Date "1981.12.05"]
[Round "1.1"]
[White "Iskov, Gert"]
[Black "Miles, Anthony John"]
[Result "0-1"]
[WhiteElo "2420"]
[BlackElo "2565"]
[PlyCount "102"]
[EventDate "1981.12.05"]
[EventType "swiss"]
[EventRounds "9"]
[EventCountry "ENG"]
[SourceVersionDate "2021.08.26"]

1. e4 c5 2. Nf3 e6 3. Nc3 a6 4. g3 b5 5. Bg2 Bb7 6. d3 Nc6 7. O-O d6 8. Re1
Nge7 9. e5 d5 10. a4 b4 11. Ne2 Nf5 12. c3 Rc8 13. Nf4 Be7 14. g4 Nh4 15. Nxh4
Bxh4 16. g5 g6 17. Nh3 Ne7 18. a5 Nf5 19. cxb4 cxb4 20. Qa4+ Qd7 21. Qxb4 h6
22. Bd2 hxg5 23. Rac1 Rxc1 24. Rxc1 g4 25. Ng5 Ne7 26. Qxg4 Rh5 27. Nf3 Nf5 28.
Nd4 Qa4 29. b4 Qa2 30. Nxf5 Bxf2+ 31. Kh1 Rxf5 32. Qd1 Kd8 33. Rc2 Qa3 34. b5
axb5 35. Qb1 Qa4 36. Ra2 Qd4 37. a6 Ba8 38. Ba5+ Ke7 39. Qb4+ Qxb4 40. Bxb4+
Kd7 41. Bc3 Rf4 42. a7 Bb6 43. Rb2 Kc6 44. d4 Bxa7 45. Ra2 Kb7 46. Rb2 Bxd4 47.
Bxd4 Rxd4 48. Rxb5+ Kc7 49. Bf3 Rf4 50. Kg2 Rf5 51. Rc5+ Bc6 0-1

[Event "Regency Masters 3rd"]
[Site "Ramsgate"]
[Date "1981.12.05"]
[Round "1.2"]
[White "Nunn, John DM"]
[Black "Taulbut, Shaun M"]
[Result "1-0"]
[WhiteElo "2580"]
[BlackElo "2420"]
[PlyCount "117"]
[EventDate "1981.12.05"]
[EventType "swiss"]
[EventRounds "9"]
[EventCountry "ENG"]
[SourceTitle "BritBase"]
[Source "John Saunders"]
[SourceDate "2020.09.07"]
[SourceVersion "1"]
[SourceVersionDate "2020.09.07"]
[SourceQuality "2"]

1. e4 e5 2. Bc4 Nf6 3. d3 c6 4. Nf3 d5 5. Bb3 Bb4+ 6. c3 Bd6 7. Nbd2 Nbd7 8.
O-O O-O 9. Re1 dxe4 10. dxe4 Nc5 11. Nc4 Nxb3 12. axb3 Bc7 13. Qxd8 Rxd8 14.
Be3 Be6 15. Rxa7 Rxa7 16. Bxa7 Ra8 17. Bc5 Nd7 18. Be3 b5 19. Ncd2 h6 20. Nh4
Bd6 21. Nf5 Bf8 22. b4 g6 23. Ng3 Ra2 24. Rb1 f5 25. exf5 gxf5 26. f4 exf4 27.
Bxf4 c5 28. Nf3 cxb4 29. cxb4 Bxb4 30. Bxh6 Bc5+ 31. Kh1 Nf6 32. h3 Bd6 33. Ne2
Bc4 34. Nc3 Ra8 35. Rd1 Bc7 36. Nd4 b4 37. Nce2 Bb6 38. Ng3 Ne4 39. Nxe4 fxe4
40. Be3 Rd8 41. Rd2 Bd3 42. Nf5 Bc4 43. Rxd8+ Bxd8 44. Bd4 Kh7 45. Ne3 Be6 46.
Kh2 Bc7+ 47. g3 Kg6 48. Kg2 Bd8 49. g4 Bh4 50. Be5 b3 51. Kf1 Bd7 52. Ng2 Bb5+
53. Kg1 Be7 54. Bd4 Bd6 55. Nh4+ Kg5 56. Nf5 Bc7 57. Be3+ Kg6 58. Nd4 Bc4 59.
h4 1-0

[Event "Regency Masters 3rd"]
[Site "Ramsgate"]
[Date "1981.12.05"]
[Round "1.3"]
[White "Westerinen, Heikki MJ"]
[Black "Van der Sterren, Paul"]
[Result "0-1"]
[WhiteElo "2425"]
[BlackElo "2420"]
[PlyCount "70"]
[EventDate "1981.12.05"]
[EventType "swiss"]
[EventRounds "9"]
[EventCountry "ENG"]
[SourceVersionDate "2021.08.26"]

1. e4 d6 2. d4 Nf6 3. Nc3 g6 4. f4 Bg7 5. Nf3 O-O 6. Be3 b6 7. e5 Ng4 8. Bg1 c5
9. h3 Nh6 10. d5 Bb7 11. Bc4 a6 12. a4 Nd7 13. Bh2 b5 14. axb5 axb5 15. Bxb5
Nb6 16. O-O Rxa1 17. Qxa1 Nxd5 18. Qa7 Qb8 19. Qxb8 Rxb8 20. Ba4 Nxc3 21. bxc3
Bd5 22. Nd2 Nf5 23. Kf2 dxe5 24. g4 Nd6 25. fxe5 Nc4 26. Nxc4 Bxc4 27. Rd1 e6
28. Rd7 Bd5 29. Ra7 Bh6 30. Ra5 c4 31. Ke2 Rb1 32. Rc5 Rh1 33. Bg3 Rxh3 34. Kf2
Be3+ 35. Kxe3 Rxg3+ 0-1

[Event "Regency Masters 3rd"]
[Site "Ramsgate"]
[Date "1981.12.05"]
[Round "1.4"]
[White "Fedorowicz, John P"]
[Black "Kuligowski, Adam"]
[Result "1-0"]
[WhiteElo "2465"]
[BlackElo "2405"]
[PlyCount "35"]
[EventDate "1981.12.05"]
[EventType "swiss"]
[EventRounds "9"]
[EventCountry "ENG"]
[SourceTitle "BritBase"]
[Source "John Saunders"]
[SourceDate "2020.09.07"]
[SourceVersion "1"]
[SourceVersionDate "2020.09.07"]
[SourceQuality "2"]

1. e4 c5 2. Nf3 d6 3. d4 cxd4 4. Nxd4 Nf6 5. Nc3 a6 6. Bg5 e6 7. f4 Qc7 8. Qe2
Nbd7 9. O-O-O Be7 10. g4 h6 11. Bh4 g5 12. fxg5 Nh7 13. Bg3 hxg5 14. Nf5 exf5
15. Nd5 Qd8 16. exf5 Nb6 17. Nxb6 Qxb6 18. Bxd6 {Source: BCM, Apr 1982, p150}
1-0

[Event "Regency Masters 3rd"]
[Site "Ramsgate"]
[Date "1981.12.05"]
[Round "1.5"]
[White "Kovacevic, Vlatko"]
[Black "Formanek, Edward W"]
[Result "1-0"]
[WhiteElo "2485"]
[BlackElo "2370"]
[PlyCount "75"]
[EventDate "1981.12.05"]
[EventType "swiss"]
[EventRounds "9"]
[EventCountry "ENG"]
[SourceTitle "BritBase"]
[Source "John Saunders"]
[SourceDate "2020.09.07"]
[SourceVersion "1"]
[SourceVersionDate "2020.09.07"]
[SourceQuality "2"]

1. d4 d5 2. Nf3 Nf6 3. Bf4 c5 4. e3 Nc6 5. c3 Qb6 6. Qb3 c4 7. Qc2 Bf5 8. Qc1
Nh5 9. Be5 f6 10. Bg3 e5 11. Be2 Bd3 12. Nbd2 Bd6 13. b3 Nxg3 14. hxg3 Bxe2 15.
Kxe2 exd4 16. exd4 O-O 17. bxc4 dxc4 18. Qb1 Rfe8+ 19. Kd1 Qxb1+ 20. Rxb1 Na5
21. Rb5 b6 22. Rbh5 h6 23. Rd5 Rad8 24. Nh4 Kf7 25. Nf5 Bf8 26. Rxd8 Rxd8 27.
a4 a6 28. Kc2 b5 29. axb5 axb5 30. Ra1 Ra8 31. d5 Bc5 32. Ne4 Bb6 33. Nfd6+ Kg6
34. g4 Rd8 35. f4 Nb3 36. Ra6 Be3 37. Nf5 Re8 38. Ned6 {Source: StarBase 4.56}
1-0

[Event "Regency Masters 3rd"]
[Site "Ramsgate"]
[Date "1981.12.05"]
[Round "1.6"]
[White "Plaskett, H James"]
[Black "Lee, Graham D"]
[Result "1-0"]
[WhiteElo "2410"]
[BlackElo "2360"]
[PlyCount "65"]
[EventDate "1981.12.05"]
[EventType "swiss"]
[EventRounds "9"]
[EventCountry "ENG"]
[SourceVersionDate "2021.08.26"]

1. e4 e6 2. d4 d5 3. Nd2 dxe4 4. Nxe4 Nd7 5. Nf3 Ngf6 6. Nxf6+ Nxf6 7. Bd3 b6
8. O-O Bb7 9. Qe2 Be7 10. Bf4 O-O 11. Rad1 Qc8 12. Rfe1 c5 13. c3 a6 14. dxc5
Qxc5 15. Nd4 Rfd8 16. Be5 b5 17. Nb3 Qb6 18. Bd4 Qc7 19. Be5 Qb6 20. Nd4 Rac8
21. Qe3 Kf8 22. Qh3 h6 23. Re3 Bd5 24. Rde1 b4 25. cxb4 Ng8 26. a3 f6 27. Rf3
Bd6 28. Nxe6+ Bxe6 29. Qxe6 Qc7 30. Bc4 Bxe5 31. Qxg8+ Ke7 32. Qf7+ Kd6 33.
Qe6# 1-0

[Event "Regency Masters 3rd"]
[Site "Ramsgate"]
[Date "1981.12.05"]
[Round "1.7"]
[White "Regan, Kenneth"]
[Black "Manouck, Thierry"]
[Result "1-0"]
[WhiteElo "2405"]
[BlackElo "2400"]
[PlyCount "83"]
[EventDate "1981.12.05"]
[EventType "swiss"]
[EventRounds "9"]
[EventCountry "ENG"]
[SourceVersionDate "2021.08.26"]

1. e4 g6 2. d4 Bg7 3. Nc3 c6 4. Bc4 d6 5. Qe2 Nf6 6. e5 Nd5 7. Bd2 Nxc3 8. Bxc3
b5 9. Bb3 a5 10. a3 d5 11. h4 h5 12. Nh3 Bxh3 13. Rxh3 e6 14. Bd2 Bh6 15. Bxh6
Rxh6 16. c3 Kf8 17. a4 Qb6 18. Rf3 Nd7 19. Qd2 Rh7 20. axb5 cxb5 21. Bc2 Rg7
22. Ke2 Kg8 23. Rg1 Qd8 24. g4 Qxh4 25. g5 Nxe5 26. dxe5 Qh2 27. Rgg3 h4 28.
Rh3 Qxe5+ 29. Qe3 Qxe3+ 30. Kxe3 Rc8 31. Rxh4 b4 32. Kd2 bxc3+ 33. Rxc3 Rb8 34.
Rb3 Ra8 35. Ra3 Rh7 36. Rxh7 Kxh7 37. b4 Kg7 38. bxa5 Kf8 39. a6 Ke7 40. a7 Kd6
41. Ra6+ Kc7 42. Ba4 1-0

[Event "Regency Masters 3rd"]
[Site "Ramsgate"]
[Date "1981.12.05"]
[Round "1.8"]
[White "Law, Andrew P"]
[Black "Pytel, Krzysztof"]
[Result "1/2-1/2"]
[WhiteElo "2380"]
[BlackElo "2400"]
[PlyCount "73"]
[EventDate "1981.12.05"]
[EventType "swiss"]
[EventRounds "9"]
[EventCountry "ENG"]
[SourceTitle "BritBase"]
[Source "John Saunders"]
[SourceDate "2020.09.07"]
[SourceVersion "1"]
[SourceVersionDate "2020.09.07"]
[SourceQuality "2"]

1. d4 Nf6 2. c4 g6 3. Nc3 Bg7 4. e4 d6 5. Nf3 O-O 6. Be2 e5 7. O-O Nbd7 8. Re1
c6 9. Bf1 exd4 10. Nxd4 Ng4 11. Qxg4 Bxd4 12. Be3 Nc5 13. Qf3 Be5 14. Rad1 Qe7
15. Bf4 Qf6 16. Bg3 Qxf3 17. gxf3 Ne6 18. Re3 Nf4 19. Ne2 g5 20. h4 h6 21. Rb3
Kg7 22. Kh2 Nxe2 23. Bxe2 b6 24. Bxe5+ dxe5 25. c5 Be6 26. Rc3 b5 27. a3 gxh4
28. Rd6 a5 29. Rxc6 b4 30. Rc2 Rfd8 31. Rd6 Rxd6 32. cxd6 Kf6 33. Rd2 Rd8 34.
axb4 axb4 35. Bf1 Kg5 36. Bh3 Kf6 37. Bf1 1/2-1/2

[Event "Regency Masters 3rd"]
[Site "Ramsgate"]
[Date "1981.12.05"]
[Round "1.9"]
[White "Bohm, Hans"]
[Black "Hodgson, Julian M"]
[Result "1/2-1/2"]
[WhiteElo "2390"]
[BlackElo "2370"]
[PlyCount "38"]
[EventDate "1981.12.05"]
[EventType "swiss"]
[EventRounds "9"]
[EventCountry "ENG"]
[SourceVersionDate "2021.08.26"]

1. d4 b5 2. c3 e6 3. Bf4 Nf6 4. e3 Bb7 5. Nf3 a6 6. Nbd2 Be7 7. h3 d6 8. Bh2
Nbd7 9. a4 bxa4 10. Qxa4 O-O 11. Be2 c5 12. Nc4 Nb6 13. Qa5 Nxc4 14. Qxd8 Rfxd8
15. Bxc4 Bxf3 16. gxf3 cxd4 17. cxd4 Rdb8 18. Rxa6 Rxa6 19. Bxa6 Rxb2 1/2-1/2

[Event "Regency Masters 3rd"]
[Site "Ramsgate"]
[Date "1981.12.05"]
[Round "1.10"]
[White "Flear, Glenn C"]
[Black "Hartoch, Robert G"]
[Result "0-1"]
[WhiteElo "2385"]
[BlackElo "2390"]
[PlyCount "80"]
[EventDate "1981.12.05"]
[EventType "swiss"]
[EventRounds "9"]
[EventCountry "ENG"]
[SourceVersionDate "2021.08.26"]

1. d4 Nf6 2. c4 c5 3. d5 g6 4. Nc3 Bg7 5. e4 d6 6. Nf3 O-O 7. Be2 e6 8. O-O
exd5 9. cxd5 Re8 10. Nd2 Na6 11. f3 Nc7 12. a4 b6 13. Kh1 Rb8 14. Nc4 Ba6 15.
Bg5 Qd7 16. Qd2 Bxc4 17. Bxc4 a6 18. Bd3 b5 19. axb5 axb5 20. Ra7 c4 21. Be2
Rec8 22. Bh6 Bh8 23. e5 Nfe8 24. f4 dxe5 25. f5 Nd6 26. fxg6 hxg6 27. Qg5 Ra8
28. Bg4 Qe8 29. Rxa8 Rxa8 30. h4 Qd8 31. Qxd8+ Rxd8 32. Bg5 f6 33. Be3 f5 34.
Be2 b4 35. Bg5 Ra8 36. Nd1 Nxd5 37. Ne3 Nxe3 38. Bxe3 c3 39. bxc3 bxc3 40. Rc1
e4 0-1

[Event "Regency Masters 3rd"]
[Site "Ramsgate"]
[Date "1981.12.05"]
[Round "1.18"]
[White "De Boer, Gert Jan"]
[Black "Conquest, Stuart"]
[Result "0-1"]
[WhiteElo "2270"]
[BlackElo "2220"]
[PlyCount "68"]
[EventDate "1981.12.05"]
[EventType "swiss"]
[EventRounds "9"]
[EventCountry "ENG"]
[SourceVersionDate "2021.08.26"]

1. e4 c5 2. Nf3 e6 3. d4 cxd4 4. Nxd4 a6 5. Nc3 Qc7 6. g3 Nf6 7. Bg2 Be7 8. O-O
O-O 9. Re1 d6 10. Be3 Nbd7 11. Qe2 Nb6 12. Rad1 Bd7 13. f4 e5 14. Nb3 Nc4 15.
Bc1 b5 16. Nd5 Nxd5 17. exd5 Bf6 18. fxe5 Bxe5 19. c3 Rae8 20. Qf2 Bg4 21. Bf3
f5 22. Kg2 Qd7 23. h3 Rf6 24. Nd4 Bxf3+ 25. Kxf3 f4 26. gxf4 Qxh3+ 27. Qg3 Qh5+
28. Qg4 Qf7 29. Ne6 Bxf4 30. Nxf4 Ne5+ 31. Rxe5 dxe5 32. d6 exf4 33. d7 Rd8 34.
Bxf4 h5 0-1

[Event "Regency Masters 3rd"]
[Site "Ramsgate"]
[Date "1981.12.05"]
[Round "1.19"]
[White "Berg, Klaus"]
[Black "Hanreck, Alan E"]
[Result "1-0"]
[WhiteElo "2295"]
[BlackElo "2275"]
[PlyCount "53"]
[EventDate "1981.12.05"]
[EventType "swiss"]
[EventRounds "9"]
[EventCountry "ENG"]
[SourceVersionDate "2021.08.26"]

1. d4 Nf6 2. Nf3 e6 3. c4 b6 4. e3 Bb7 5. Bd3 c5 6. O-O Be7 7. Nc3 cxd4 8. exd4
O-O 9. d5 Na6 10. a3 Nc7 11. dxe6 fxe6 12. Ne5 Rc8 13. Re1 Nce8 14. Qe2 Bc5 15.
Bg5 Bd4 16. Bxh7+ Nxh7 17. Bxd8 Rxd8 18. Nb5 Bxe5 19. Qxe5 Rc8 20. Rac1 Rf5 21.
Qd4 Nhf6 22. Nxa7 Rc7 23. Re5 Rc5 24. Rxf5 Rxf5 25. Qxb6 Ba8 26. Qb8 Be4 27. f3
1-0

[Event "Regency Masters 3rd"]
[Site "Ramsgate"]
[Date "1981.12.05"]
[Round "1.20"]
[White "Nykopp, Jan Michael F"]
[Black "Povah, Nigel Edward"]
[Result "1-0"]
[WhiteElo "2260"]
[BlackElo "2375"]
[PlyCount "84"]
[EventDate "1981.12.05"]
[EventType "swiss"]
[EventRounds "9"]
[EventCountry "ENG"]
[SourceVersionDate "2021.08.26"]

1. e4 c5 2. Nf3 e6 3. d4 cxd4 4. Nxd4 Nf6 5. Nc3 Nc6 6. Ndb5 d6 7. Bf4 e5 8.
Bg5 a6 9. Na3 b5 10. Nd5 Be7 11. Nxe7 Qxe7 12. c3 h6 13. Bxf6 Qxf6 14. Be2 O-O
15. O-O Ne7 16. Nc2 Bb7 17. Bf3 d5 18. exd5 Qd6 19. a4 f5 20. axb5 axb5 21.
Rxa8 Bxa8 22. Nb4 Rd8 23. Qb3 Kh8 24. Rd1 e4 25. Be2 f4 26. Nc6 Rd7 27. Nxe7
Rxe7 28. Qxb5 f3 29. gxf3 Bb7 30. Kh1 exf3 31. Bxf3 Qf4 32. Bg2 Qxf2 33. Qf1
Qh4 34. c4 Re5 35. b3 Bc8 36. d6 Bd7 37. Qf8+ Kh7 38. Rf1 Re2 39. Qf3 Re8 40.
c5 Bb5 41. d7 Re5 42. Qg3 Qxg3 1-0

[Event "Regency Masters 3rd"]
[Site "Ramsgate"]
[Date "1981.12.05"]
[Round "1.21"]
[White "Leverett, Bruce W"]
[Black "Fischdick, Gisela"]
[Result "1-0"]
[WhiteElo "2245"]
[BlackElo "2220"]
[PlyCount "75"]
[EventDate "1981.12.05"]
[EventType "swiss"]
[EventRounds "9"]
[EventCountry "ENG"]
[SourceVersionDate "2021.08.26"]

1. d4 Nf6 2. c4 e6 3. Nc3 c5 4. d5 exd5 5. cxd5 g6 6. e4 d6 7. Bd3 Bg7 8. Nge2
O-O 9. f3 b6 10. Bg5 Ba6 11. Bxa6 Nxa6 12. Qd2 Qd7 13. Bh6 b5 14. O-O Rfe8 15.
Bxg7 Kxg7 16. Ng3 h6 17. h4 Nc7 18. b4 Na6 19. a3 Rac8 20. Nce2 Qd8 21. h5 Qb6
22. Kh2 cxb4 23. hxg6 fxg6 24. axb4 Rc4 25. Rfc1 Nxb4 26. Rxc4 bxc4 27. Qc3 Rc8
28. Nd4 Kf7 29. Nge2 a5 30. Nf4 Nd7 31. Nfe6 Ne5 32. Kg3 h5 33. Qc1 Rh8 34. Qg5
Nbd3 35. Rf1 Qb2 36. Nf5 h4+ 37. Kh3 Re8 38. Nh6# 1-0

[Event "Regency Masters 3rd"]
[Site "Ramsgate"]
[Date "1981.12.05"]
[Round "1.22"]
[White "Patrick, David I"]
[Black "Jacobs, Byron A"]
[Result "1/2-1/2"]
[WhiteElo "2275"]
[BlackElo "2245"]
[PlyCount "102"]
[EventDate "1981.12.05"]
[EventType "swiss"]
[EventRounds "9"]
[EventCountry "ENG"]
[SourceTitle "BritBase"]
[Source "John Saunders"]
[SourceDate "2020.09.07"]
[SourceVersion "1"]
[SourceVersionDate "2020.09.07"]
[SourceQuality "2"]

1. e4 e5 2. Nf3 Nc6 3. Bb5 a6 4. Ba4 Nf6 5. O-O b5 6. Bb3 Bb7 7. Qe2 Be7 8. d3
O-O 9. Nc3 Nd4 10. Nxd4 exd4 11. Nd1 d5 12. e5 Ne8 13. c3 c5 14. cxd4 cxd4 15.
f4 f5 16. Rf3 Nc7 17. Nf2 Ne6 18. Rh3 g6 {(Bulletin gives 18...Nc7 but this is
improbable)} 19. Bd2 a5 20. Rf1 a4 21. Bd1 Kh8 22. g4 Rg8 23. Kh1 Rg7 24. Rg1
Qf8 25. gxf5 Qxf5 26. Qf3 Rf8 27. Ng4 Nxf4 28. Bxf4 Qxf4 29. Rf1 Qxf3+ 30.
Rhxf3 Rxf3 31. Rxf3 h5 32. Nf6 Rf7 33. Rf4 Kg7 34. Ne8+ Kf8 35. Rxf7+ Kxf7 36.
Nc7 Bc6 37. Bf3 b4 38. Bxd5+ Bxd5+ 39. Nxd5 b3 40. axb3 axb3 41. Nb6 Ke6 42.
Nc4 Bg5 43. Kg2 Bf4 44. Na5 Bc1 45. Nxb3 Bxb2 46. Nd2 Bc1 47. Nf3 Be3 48. h3
Kd5 49. Nh4 g5 50. Nf3 Bf4 51. e6 Kxe6 1/2-1/2

[Event "Regency Masters 3rd"]
[Site "Ramsgate"]
[Date "1981.12.05"]
[Round "1.23"]
[White "Britton, Richard L"]
[Black "Cox, John J"]
[Result "0-1"]
[WhiteElo "2295"]
[BlackElo "2275"]
[PlyCount "68"]
[EventDate "1981.12.05"]
[EventType "swiss"]
[EventRounds "9"]
[EventCountry "ENG"]
[SourceTitle "BritBase"]
[Source "John Saunders"]
[SourceDate "2020.09.07"]
[SourceVersion "1"]
[SourceVersionDate "2020.09.07"]
[SourceQuality "2"]

1. e4 e6 2. d4 d5 3. Nc3 Nf6 4. Bg5 Bb4 5. e5 h6 6. Bd2 Bxc3 7. bxc3 Ne4 8. Qg4
g6 9. Bd3 Nxd2 10. Kxd2 c5 11. Nf3 Nc6 12. Rab1 c4 13. Be2 b6 14. h4 Bd7 15.
Qf4 Qe7 16. Nh2 O-O-O 17. Ng4 h5 18. Nf6 Qa3 19. g4 hxg4 20. Bxg4 Na5 21. h5
Qxa2 22. Kc1 gxh5 23. Rxh5 Ba4 24. Qd2 Nc6 25. Rb2 Qa1+ 26. Rb1 Qa2 27. Rb2
Qa1+ 28. Rb1 Qa3+ 29. Kd1 b5 30. Ke2 Rxh5 31. Bxh5 b4 32. Bxf7 bxc3 33. Bxe6+
Kc7 34. Qd1 Bxc2 0-1

[Event "Regency Masters 3rd"]
[Site "Ramsgate"]
[Date "1981.12.05"]
[Round "1.24"]
[White "Casa, Alex"]
[Black "Kenworthy, Gary"]
[Result "1-0"]
[WhiteElo "2235"]
[BlackElo "2245"]
[PlyCount "96"]
[EventDate "1981.12.05"]
[EventType "swiss"]
[EventRounds "9"]
[EventCountry "ENG"]
[SourceVersionDate "2021.08.26"]

1. e4 Nc6 2. Nf3 Nf6 3. e5 Nd5 4. d4 d6 5. c4 Nb6 6. e6 fxe6 7. Bd3 e5 8. d5
Nb4 9. Be4 e6 10. a3 exd5 11. cxd5 Na6 12. Ng5 Qf6 13. Nxh7 Rxh7 14. Bxh7 g6
15. Bg8 Bf5 16. h4 Nc5 17. Bg5 Qg7 18. Be6 Nxe6 19. dxe6 Bxe6 20. Nc3 Be7 21.
a4 Qf7 22. a5 Nd5 23. Qd2 Bxg5 24. Qxg5 Nb4 25. O-O Qf5 26. Qd2 Bc4 27. Rfd1
O-O-O 28. Rac1 Nd3 29. Nd5 Bxd5 30. Qxd3 Qxd3 31. Rxd3 Be4 32. Rdc3 c6 33. f3
Bd5 34. Rd1 Kd7 35. Ra1 e4 36. fxe4 Bxe4 37. Rf1 Bf5 38. Rf4 Rh8 39. Rb3 Kc7
40. g3 c5 41. Kf2 Kc6 42. g4 Bc2 43. Rc3 Bb1 44. Rc1 Bd3 45. Ke3 c4 46. Rd4 Kd7
47. b3 cxb3 48. Kxd3 Rxh4 1-0

[Event "Regency Masters 3rd"]
[Site "Ramsgate"]
[Date "1981.12.05"]
[Round "1.25"]
[White "Schiller, Eric Andrew"]
[Black "Cummings, David H"]
[Result "1/2-1/2"]
[WhiteElo "2235"]
[BlackElo "2310"]
[PlyCount "43"]
[EventDate "1981.12.05"]
[EventType "swiss"]
[EventRounds "9"]
[EventCountry "ENG"]
[SourceVersionDate "2021.08.26"]

1. d4 Nf6 2. c4 e6 3. g3 d5 4. Nf3 Be7 5. Bg2 O-O 6. O-O dxc4 7. Qc2 a6 8. Qxc4
b5 9. Qc2 Bb7 10. Bd2 Nc6 11. e3 Nb4 12. Bxb4 Bxb4 13. Nbd2 Rc8 14. a3 Bxd2 15.
Qxd2 c5 16. dxc5 Rxc5 17. Qxd8 Rxd8 18. Rac1 Rdc8 19. Rxc5 Rxc5 20. Nd4 Bxg2
21. Kxg2 g6 22. Rd1 1/2-1/2

[Event "Regency Masters 3rd"]
[Site "Ramsgate"]
[Date "1981.12.05"]
[Round "1.26"]
[White "Van Parreren, Hanneke"]
[Black "Tagnon, Nicole"]
[Result "1-0"]
[WhiteElo "2040"]
[BlackElo "2040"]
[PlyCount "71"]
[EventDate "1981.12.05"]
[EventType "swiss"]
[EventRounds "9"]
[EventCountry "ENG"]
[SourceVersionDate "2021.08.26"]

1. e4 c5 2. Nf3 e6 3. d4 cxd4 4. Nxd4 a6 5. c4 Nf6 6. Nc3 Bb4 7. Bd3 Qc7 8. O-O
b6 9. Nde2 Bd6 10. h3 Bb7 11. Be3 Bc5 12. Qd2 Bxe3 13. Qxe3 d6 14. Rac1 Nbd7
15. b3 Rd8 16. Rfd1 O-O 17. Bb1 Qc5 18. Qxc5 Nxc5 19. Ng3 Bc6 20. Rd4 h5 21.
Rcd1 h4 22. Nf1 Nb7 23. Nh2 Nh5 24. Nf3 Nf4 25. Nxh4 Rc8 26. Re1 b5 27. cxb5
axb5 28. Re3 Bd7 29. Kh2 e5 30. Rd1 Rc5 31. Ne2 Ne6 32. Nf5 d5 33. Ne7+ Kh8 34.
exd5 Nd4 35. Nxd4 exd4 36. Rxd4 1-0

[Event "Regency Masters 3rd"]
[Site "Ramsgate"]
[Date "1981.12.06"]
[Round "2.1"]
[White "Miles, Anthony John"]
[Black "Kosten, Anthony C"]
[Result "1/2-1/2"]
[WhiteElo "2565"]
[BlackElo "2315"]
[PlyCount "79"]
[EventDate "1981.12.05"]
[EventType "swiss"]
[EventRounds "9"]
[EventCountry "ENG"]
[SourceVersionDate "2021.08.26"]

1. d4 Nf6 2. c4 c5 3. d5 e6 4. Nc3 exd5 5. cxd5 d6 6. e4 g6 7. Bd3 Bg7 8. Nge2
O-O 9. O-O Na6 10. f3 Nc7 11. a4 a6 12. Bg5 h6 13. Be3 Re8 14. Qd2 Kh7 15. Rfb1
Nd7 16. b4 b6 17. Bf2 Qf6 18. Ra2 Ne5 19. bxc5 bxc5 20. Rb6 Qd8 21. a5 Ra7 22.
Bc2 Na8 23. Rb1 Rb7 24. Rxb7 Bxb7 25. Ba4 Rf8 26. Nb1 Bc8 27. Na3 Bd7 28. Bc2
Nc7 29. Bb3 Qb8 30. Nc1 Nb5 31. Nc4 Nd4 32. Nxe5 Bxe5 33. Bd1 Qb1 34. Nd3 Rb8
35. Nxe5 dxe5 36. Bxd4 exd4 37. Rc2 Qa1 38. Ra2 Qb1 39. Rc2 Qa1 40. Ra2 1/2-1/2

[Event "Regency Masters 3rd"]
[Site "Ramsgate"]
[Date "1981.12.06"]
[Round "2.2"]
[White "Hartoch, Robert G"]
[Black "King, Daniel J"]
[Result "1/2-1/2"]
[WhiteElo "2390"]
[BlackElo "2320"]
[PlyCount "25"]
[EventDate "1981.12.05"]
[EventType "swiss"]
[EventRounds "9"]
[EventCountry "ENG"]
[SourceVersionDate "2021.08.26"]

1. Nf3 c5 2. g3 g6 3. Bg2 Bg7 4. O-O Nc6 5. e4 d6 6. c3 e5 7. a3 Nge7 8. b4 O-O
9. d3 a6 10. Nbd2 h6 11. Bb2 Be6 12. Re1 b5 13. Nb3 1/2-1/2

[Event "Regency Masters 3rd"]
[Site "Ramsgate"]
[Date "1981.12.06"]
[Round "2.3"]
[White "Van der Sterren, Paul"]
[Black "Regan, Kenneth"]
[Result "1-0"]
[WhiteElo "2420"]
[BlackElo "2405"]
[PlyCount "95"]
[EventDate "1981.12.05"]
[EventType "swiss"]
[EventRounds "9"]
[EventCountry "ENG"]
[SourceVersionDate "2021.08.26"]

1. d4 Nf6 2. c4 e6 3. Nf3 b6 4. Nc3 Bb4 5. e3 Bb7 6. Bd3 O-O 7. O-O c5 8. Na4
cxd4 9. exd4 Bxf3 10. Qxf3 Nc6 11. d5 Ne5 12. Qe2 Nxd3 13. Qxd3 b5 14. cxb5
Nxd5 15. a3 Be7 16. b4 Qc7 17. Bb2 Qb7 18. Nc3 Nf6 19. Rfe1 Rab8 20. Bc1 Rbc8
21. Bf4 d5 22. Ne2 Ne4 23. Rac1 Bd6 24. Bxd6 Nxd6 25. Nd4 Rc4 26. a4 Rxb4 27.
Rc6 Nc4 28. Ra6 Nb2 29. Qc3 Rxa4 30. Rxa4 Nxa4 31. Qb4 Nb6 32. Ra1 Nc8 33. Nc6
Re8 34. Ra6 Ne7 35. Nxa7 Rb8 36. Qc5 h6 37. h3 e5 38. Qd6 e4 39. Nc6 Nxc6 40.
bxc6 Qb1+ 41. Kh2 Re8 42. c7 Kh7 43. Rb6 Qc1 44. Rc6 Qd2 45. c8=Q Rxc8 46. Rxc8
Qxf2 47. Qxd5 Qf4+ 48. Kg1 1-0

[Event "Regency Masters 3rd"]
[Site "Ramsgate"]
[Date "1981.12.06"]
[Round "2.4"]
[White "Fedorowicz, John P"]
[Black "Kovacevic, Vlatko"]
[Result "1-0"]
[WhiteElo "2465"]
[BlackElo "2485"]
[PlyCount "101"]
[EventDate "1981.12.05"]
[EventType "swiss"]
[EventRounds "9"]
[EventCountry "ENG"]
[SourceVersionDate "2021.08.26"]

1. Nf3 d5 2. c4 e6 3. d4 Nf6 4. Nc3 Bb4 5. Bg5 h6 6. Bxf6 Qxf6 7. cxd5 exd5 8.
Qb3 c5 9. a3 cxd4 10. axb4 dxc3 11. bxc3 O-O 12. e3 Be6 13. Nd4 Qg6 14. Qb1 Qg5
15. g3 Rc8 16. Ra3 Nd7 17. f4 Qe7 18. f5 Bxf5 19. Nxf5 Qe5 20. Qd3 Qf6 21. Be2
Ne5 22. Qb1 g6 23. Nd4 Re8 24. Qc1 Rac8 25. Rf1 Qe7 26. Kf2 a6 27. Kg1 h5 28.
Rf4 Qxb4 29. cxb4 Rxc1+ 30. Rf1 Rc7 31. Rd1 Nd7 32. Rb1 Nf6 33. Bf3 g5 34. Kf2
g4 35. Bg2 Re5 36. Ke2 h4 37. Kd2 Rh5 38. Rc3 Re7 39. gxh4 Ree5 40. Rf1 Ne8 41.
Rf4 f5 42. h3 gxh3 43. Bxh3 Nd6 44. Ke2 Re4 45. Bg2 Rxf4 46. Bxd5+ Kh8 47. exf4
Rxh4 48. Ke3 Rh7 49. Nf3 Rh1 50. Rc7 Rd1 51. Ne5 1-0

[Event "Regency Masters 3rd"]
[Site "Ramsgate"]
[Date "1981.12.06"]
[Round "2.5"]
[White "Plaskett, H James"]
[Black "Nunn, John DM"]
[Result "1/2-1/2"]
[WhiteElo "2410"]
[BlackElo "2580"]
[PlyCount "27"]
[EventDate "1981.12.05"]
[EventType "swiss"]
[EventRounds "9"]
[EventCountry "ENG"]
[SourceTitle "BritBase"]
[Source "John Saunders"]
[SourceDate "2020.09.07"]
[SourceVersion "1"]
[SourceVersionDate "2020.09.07"]
[SourceQuality "2"]

1. e4 c5 2. Nf3 d6 3. d4 cxd4 4. Nxd4 Nf6 5. Nc3 a6 6. Bg5 e6 7. Qd2 h6 8. Bxf6
Qxf6 9. f4 Nc6 10. Nf3 g5 11. fxg5 hxg5 12. Qxg5 Qxg5 13. Nxg5 Ne5 14. Be2
1/2-1/2